| 000 | 01765cam a2200361 a 4500 | ||
|---|---|---|---|
| 001 | 4101 | ||
| 003 | FISKH | ||
| 005 | 20251212135120.0 | ||
| 008 | 100628r20081998enkab j 000 1deng | ||
| 010 | _a 2010294952 | ||
| 020 | _a9780194789196 (pbk.) | ||
| 020 | _a0194789195 (pbk.) | ||
| 035 | _a(OCoLC)ocn401316812 | ||
| 040 |
_aVLB _cVLB _dOCLCQ _dDLC _beng |
||
| 042 | _alccopycat | ||
| 050 | 0 | 0 |
_aPE1126.A4 _bB37687 2008 |
| 082 | _a428 | ||
| 100 | 1 | _aBassett, Jennifer | |
| 245 | 1 | 0 |
_aSherlock Holmes and the duke's son / _cArthur Conan Doyle ; retold by Jennifer Bassett ; illustrated by Ron Tiner. |
| 260 |
_aOxford ; _aNew York : _bOxford University Press, _c2008, c1998. |
||
| 300 |
_a56 pages : _billustrations, maps ; _c20 cm |
||
| 490 | 0 | _aOxford Bookworms Library ; Stage 1, Crime & mystery. | |
| 520 | _a"Dr Huxtable has a school for boys in the north of England. When the Duke of Holdernesse decides to send his young son there, that is good news for the school. The Duke is a very important person, and Dr Huxtable is happy to have his son in the school. But two weeks later Dr Huxtable is the unhappiest man in England. Why? And why does he take the train down to London and go to Baker Street? Why does he need the help of the famous detective Sherlock Holmes? " - Library Thing | ||
| 650 | 0 | _aReaders (Adult) | |
| 650 | 0 |
_aReading comprehension _vProblems, exercises, etc. |
|
| 650 | 0 |
_aHorse racing _vJuvenile fiction. |
|
| 655 | 7 |
_aMystery fiction. _2gsafd |
|
| 700 | 1 |
_aDoyle, Arthur Conan, _d1859-1930. |
|
| 700 | 1 | _aTiner, Ron. | |
| 906 |
_a7 _bcbc _ccopycat _d2 _encip _f20 _gy-gencatlg |
||
| 942 |
_2ddc _cBK _n0 |
||
| 999 |
_c4101 _d4101 |
||